The complete idiot's guide to terrific business writing
| Main Author: | |
|---|---|
| Format: | Book |
| Published: |
New York :
Alpha Books ,
1996
|
| Series: | The complete idiot's guide to
|
| Subjects: |
MARC
| LEADER | 00000cam a2200000 7i4500 | ||
|---|---|---|---|
| 001 | 0000019813 | ||
| 005 | 20080619.0 | ||
| 008 | 080619 | ||
| 020 | |a 0028610970 | ||
| 090 | 0 | 0 | |a 808.06665 |b LAY |
| 100 | 1 | |a Layton, Marcia | |
| 245 | 1 | 0 | |a The complete idiot's guide to terrific business writing |c Marcia Layton |
| 260 | |a New York : |b Alpha Books , |c 1996 | ||
| 440 | 0 | |a The complete idiot's guide to | |
| 650 | 0 | |a Business writing | |
| 999 | |a 0001024486 |b Book |c Adult Collection |e Perbadanan Perpustakaan Awam Johor | ||